Chemistry fundamentals / (Record no. 6343)
[ view plain ]
| 000 -LEADER | |
|---|---|
| fixed length control field | 00481nam a22001817a 4500 |
| 001 - CONTROL NUMBER | |
| control field | BD-DhSAU 6343 |
| 003 - CONTROL NUMBER IDENTIFIER | |
| control field | BD-DhSAU |
| 005 - DATE AND TIME OF LATEST TRANSACTION | |
| control field | 20150507190243.0 |
| 008 - FIXED-LENGTH DATA ELEMENTS--GENERAL INFORMATION | |
| fixed length control field | 150507b1967 bg a|||| |||| 00| 0 eng d |
| 040 ## - CATALOGING SOURCE | |
| Original cataloging agency | BD-DhSAU |
| 082 ## - DEWEY DECIMAL CLASSIFICATION NUMBER | |
| Edition number | 22 |
| Classification number | 540 |
| Item number | CHC |
| 100 ## - MAIN ENTRY--PERSONAL NAME | |
| Personal name | Chowdhury, A. Q. |
| 245 ## - TITLE STATEMENT | |
| Title | Chemistry fundamentals / |
| Statement of responsibility, etc. | by A. Q. Chowdhury |
| 260 ## - PUBLICATION, DISTRIBUTION, ETC. (IMPRINT) | |
| Place of publication, distribution, etc. | Dacca : |
| Name of publisher, distributor, etc. | Mrs. Chemanara Begum , |
| Date of publication, distribution, etc. | c1967. |
| 300 ## - PHYSICAL DESCRIPTION | |
| Extent | xxi, 699 p.: |
| Other physical details | ill. ; |
| Dimensions | 22 cm. |
| 590 ## - Name of Cataloguer | |
| Name of Cataloger | IMRAN |
| 650 ## - SUBJECT ADDED ENTRY--TOPICAL TERM | |
| Topical term or geographic name as entry element | Chemistry |
| 942 ## - ADDED ENTRY ELEMENTS (KOHA) | |
| Source of classification or shelving scheme | Dewey Decimal Classification |
| Koha item type | Book |
| Withdrawn status | Lost status | Source of classification or shelving scheme | Damaged status | Not for loan | Home library | Branch Name | Shelving location | Date acquired | Total Checkouts | Full call number | Barcode | Date last seen | Price effective from | Koha item type |
|---|---|---|---|---|---|---|---|---|---|---|---|---|---|---|
| Dewey Decimal Classification | Not For Loan | SAU Library | SAU Library | Reference | 31/03/1979 | 540 CHC | 2748 | 07/05/2015 | 07/05/2015 | Book |
